000 00460nam a2200181Ia 4500
001 19404
003 GE_BSU
008 181216s||||||||xx |||||||||||||| ||und||
040 _cGE_BSU
245 _aParis Match, du 17 AU 23 novembre. 2016. №3522
260 _aParis
260 _c2012
300 _a126 p. ill. 29 cm.
653 _adu 17 AU 23 novembre. 2016. №3522
653 _aParis Match.
653 _aპერიოდიკა
942 _cCR
999 _c52384
_d52384